00529nam a2200193Ii 450000100060000000300090000600800410001502000180005604000330007404100080010708400120011510000340012724500400016126400410020130000120024233600260025433700280028033800270030822902CO-ViMGA241108s9999||||xx |||||||||||||| ||und|| a9789587049343 aCO-ViMGAbspaerdacCO-ViMGA0 aspa aN REY1m1 aReyes, Carlos José, d1941-10aEl mejor pintor de flores del mundo 1aBogotá, Colombia : Alfaguara, 2010 avolumen atextbtxt2rdacontent aunmediatedbn2rdamedia avolumebnc2rdacarrier